000
00296nam a22001337a 4500
008
170713b xxu||||| |||| 00| 0 eng d
020
_a
9780767402187
041
_a
eng
080
_a
101
100
_a
24
101
_a
FIL
245
_a
THE PHILOSOPHICAL JOURNEY
_c
LAWHEAD,W.F
942
_2
udc
_c
BK
999
_c
20513
_d
20513